Wszyscy Mistrzowie Swiata w Piłce Nożnej - Statystyki

Ogólne statystyki
  • Ten quiz został rozwiązany 436 razy
  • Średni wynik to 20 z 21
Statystyki odpowiedzi
Hint Odpowiedź % Poprawnych
1958 Brazylia
99%
1962 Brazylia
99%
1970 Brazylia
99%
1994 Brazylia
99%
2002 Brazylia
99%
1998 Francja
99%
2018 Francja
99%
1954 Niemcy
99%
1974 Niemcy
99%
1990 Niemcy
99%
2014 Niemcy
99%
2010 Hiszpania
98%
1978 Argentyna
97%
1986 Argentyna
97%
1934 Włochy
97%
1938 Włochy
97%
1982 Włochy
97%
2006 Włochy
97%
1930 Urugwaj
96%
1950 Urugwaj
96%
1966 Anglia
89%
Nie znaleziono quizów pasujących do podanych kryteriów
Rozkład punktacji
Procent ludzi z każdym wynikiem
Percentyl według liczby udzielonych odpowiedzi
Twoja historia wyników
Nie rozwiązałeś tego quizu